| 000 | 00451nam a22001457a 4500 | ||
|---|---|---|---|
| 003 | macl | ||
| 005 | 20180410145115.0 | ||
| 008 | 180410b xxu||||| |||| 00| 0 eng d | ||
| 040 | _cmacl | ||
| 100 |
_aदेवी नागरानी _971924 |
||
| 245 | _aअपने ही घर में | ||
| 260 |
_aदिल्ली _bविकल्प प्रकाशन _c2017 |
||
| 650 |
_aकहानियां _933092 |
||
| 942 |
_2ddc _cHIN |
||
| 999 |
_c57644 _d57644 |
||